| 000 | 00000nam 2200000zi 4500 |
| 001 | 9.950206 |
| 003 | CaOODSP |
| 005 | 20250821112507 |
| 006 | m o d f |
| 007 | cr cn||||||||| |
| 008 | 250416t20252025onc o f000 0 fre d |
| 020 | |a9780660769592 |
| 040 | |aCaOODSP|bfre|erda|cCaOODSP |
| 043 | |an-cn--- |
| 086 | 1 |aH149-34/4-2025F-PDF|zH149-34/4-2025F |
| 245 | 03|aLa Loi sur le tabac et les produits de vapotage (LTPV) : |binterdictions générales relatives à la fabrication, à la vente et à la promotion de produits de vapotage. |
| 246 | 10|aInterdictions générales relatives à la fabrication, à la vente et à la promotion de produits de vapotage |
| 264 | 1|a[Ottawa] : |bSanté Canada = Health Canada, |c[2025] |
| 264 | 4|c©2025 |
| 300 | |a1 ressource en ligne (2 pages) |
| 336 | |atexte|btxt|2rdacontent/fre |
| 337 | |ainformatique|bc|2rdamedia/fre |
| 338 | |aressource en ligne|bcr|2rdacarrier/fre |
| 500 | |aTitre de départ. |
| 500 | |aLe numéro de catalogue (H149-34/4-2025F) imprimé dans cette publication est incorrect. |
| 500 | |aPublié aussi en anglais sous le titre : The Tobacco and Vaping Products Act (TVPA) : general prohibitions on the manufacture, sale and promotion of vaping products. |
| 520 | |a« Les interdictions ci-après établies aux termes de La Loi sur le tabac et les produits de vapotage (LTPV) ont été mises en Ĺ“uvre pour protéger les jeunes et les non-fumeurs contre les incitations à l'usage des produits de vapotage et l'exposition possible à la nicotine et la dépendance à la nicotine découlant de la consommation de produits de vapotage » -- Page [1]. |
| 530 | |aÉgalement publié en version imprimée. |
| 610 | 16|aCanada. |tLoi sur le tabac et les produits de vapotage. |
| 650 | 6|aProduits du tabac|xDroit|zCanada. |
| 650 | 6|aVapotage|xDroit|zCanada. |
| 650 | 6|aJeunesse|xTabagisme|zCanada. |
| 710 | 1 |aCanada. |bSanté Canada, |eorganisme de publication. |
| 775 | 08|tThe Tobacco and Vaping Products Act (TVPA) : |w(CaOODSP)9.950204 |
| 776 | 0#|tLa Loi sur le tabac et les produits de vapotage : |w(CaOODSP)9.950207 |
| 856 | 40|qPDF|s217 Ko|uhttps://publications.gc.ca/collections/collection_2025/sc-hc/H149-34-4-2025-fra.pdf |
| 986 | |a250023 |